000 00723nam a2200229Ia 4500
003 OSt
005 20220923225430.0
006 a|||||r|||| 00| 0
007 ta
008 220922b |||||||| |||| 00| 0 san d
024 _a268,060
037 _cTextual
040 _aARTS
_cARTS
_bsan
041 _2san
_asan
082 _aQ127:21, 15M7
100 _aकरपात्र
_9156280
245 0 _aईशा वास्योपनिषत्
246 _aĪshā vāsyopaniṣhat
260 _aकलकत्ता
_b श्रीराधा कृष्णधानुका प्रकाशन
_c1987
942 _hQ127:21, 15M7
_cTEXL
_2CC
999 _c378269
_d378269